书目信息 |
| 题名: |
万用表功能扩展与应用
|
|
| 作者: | 沙占友 , 沙莎 著 | |
| 分册: | ||
| 出版信息: | 北京 电子工业出版社 2005.01 |
|
| 页数: | 211页 | |
| 开本: | 24cm | |
| 丛书名: | 世纪新版万用表实用技术丛书 | |
| 单 册: | ||
| 中图分类: | TM938.1 | |
| 科图分类: | ||
| 主题词: | 复用电表--基本知识 | |
| 电子资源: | ||
| ISBN: | 7-121-00710-X | |
| 000 | 01055nam 2200265 450 | |
| 001 | 010563640281 | |
| 005 | 20050925163316.03 | |
| 010 | @a7-121-00710-X@dCNY20.00 | |
| 100 | @a20050925d2005 km y0chiy0120 ea | |
| 101 | 0 | @achi |
| 102 | @aCN@b110000 | |
| 105 | @aa a 000yy | |
| 200 | 1 | @a万用表功能扩展与应用@Awan yong biao gong neng kuo zhan yu ying yong@f沙占友, 沙莎著@Fsha zhan you,sha sha zhu |
| 210 | @a北京@c电子工业出版社@d2005.01 | |
| 215 | @a211页@c图@d24cm | |
| 225 | 2 | @a世纪新版万用表实用技术丛书@v1 |
| 320 | @a有书目 (第211页)。 | |
| 330 | @a本书为“万用表实用技术丛书”的第一册。全书从实用角度出发,深入阐述了指针万用表测试功能的扩展与应用技术。全书共5章。第1章概述选择万用表的原则,第2章讲述万用表整机电路的设计原理,第3章介绍万用表的使用注意事项,第4章介绍减小万用表测量误差的方法。 | |
| 410 | 0 | @12001 @a世纪新版万用表实用技术丛书 |
| 606 | 0 | @a复用电表@x基本知识 |
| 690 | @aTM938.1@v4 | |
| 701 | 0 | @a沙占友@Asha zhan you@4著 |
| 701 | 0 | @a沙莎@Asha sha@4著 |
| 801 | 0 | @aCN@bQSSK@c20050925 |
| 905 | @a10447@dTM938.1@eS069 | |
| 万用表功能扩展与应用/沙占友, 沙莎著.-北京:电子工业出版社,2005.01 |
| 211页:图;24cm.-(世纪新版万用表实用技术丛书;1) |
| ISBN 7-121-00710-X:CNY20.00 |
| 本书为“万用表实用技术丛书”的第一册。全书从实用角度出发,深入阐述了指针万用表测试功能的扩展与应用技术。全书共5章。第1章概述选择万用表的原则,第2章讲述万用表整机电路的设计原理,第3章介绍万用表的使用注意事项,第4章介绍减小万用表测量误差的方法。 |
| ● |
| 相关链接 |
|
|
|
正题名:万用表功能扩展与应用
索取号:TM938.1/S069
 
预约/预借
| 序号 | 登录号 | 条形码 | 馆藏地/架位号 | 状态 | 备注 |
| 1 | 572235 | 205722351 | 自科库301/301自科库 22排4列1层/ [索取号:TM938.1/S069] | 在馆 | |
| 2 | 572236 | 205722360 | 自科二线404/301自科库 15排4列4层/ [索取号:TM938.1/S069] | 在馆 | |
| 3 | 572237 | 205722379 | 自科库301/301自科库 22排4列1层/ [索取号:TM938.1/S069] | 在馆 |